Quizzes
Events
Quiz Creation
Community
Videos
Private Events
Remove Ads
Sign In
Join for FREE
Feedback
Dark Mode
Quiz Categories
Sports
Geography
Music
Movies
Television
Just For Fun
Miscellaneous
History
Literature
Language
Science
Gaming
Entertainment
Religion
Holiday
For Kids
Quiz Lab
Recent
Popular Today
Quiz Kudos Today
Editor Picks
Curator Picks
Quizzes by...
Day
Popularity
Type
Ratings
Length
Year
Community
Subscriptions
Recent Discussions
Orange Saloon
Badges
Playlists
Quests
Create
Leaderboards
Showdown
Live 5
Trivia Bingo
Activity
Puzzle Library
Sporcle Events
Private Events
Virtual Trivia
Globe League
Become a Host
Pub Owners
SporcleCon
Opinionation
Our Games
Videos
Blog
Mobile Apps
Partnerships
Remove Ads and Go Orange
Feedback
Sports
Athletes
MLB
NBA
NHL
NFL
Soccer
Sports Teams
WWE
NCAA
Football
Premier League
Basketball
Baseball
Hockey
Golf
Tennis
Cricket
Rugby
Auto Racing
Olympics
World Cup
Sports
Athletes
MLB
NBA
NHL
NFL
Soccer
Sports Teams
WWE
NCAA
Football
Premier League
Basketball
Baseball
Hockey
Golf
Tennis
Cricket
Rugby
Auto Racing
Olympics
World Cup
Random Quiz
Search Sporcle
×
Quiz Lab
Quiz Lab
Sports
Football
Type in answers that appear in a list
Type in answers that appear in a list
Classic
Best Score? Go Orange.
2011 Opening Day Rosters Stats
Can you name the 2011 Opening Day rosters?
By
johnlk
20m
284 Questions
195 Plays
195 Plays
195 Plays
Comments
Comments
Give Quiz Kudos
Give Quiz Kudos
-
- Ratings
hide this ad
Replay
Link that replays current quiz
Next Quiz
Link to next quiz in quiz playlist
You Got
0%
They Got
Avg Score
61%
Avg Friend Score
Upgrade to see
Score Distribution
Jump to the score distribution portion of the page
Score
0/284
Timer
20:00
0
Plays Today
Team
Player
% Correct
Atlanta Braves
Chipper Jones
94.9%
Pittsburgh Pirates
Garrett Jones
94.9%
Baltimore Orioles
Adam Jones
94.9%
Atlanta Braves
Alex Gonzalez
93.3%
Cincinnati Reds
Joey Votto
93.3%
Colorado Rockies
Carlos Gonzalez
93.3%
Boston Red Sox
Adrian Gonzalez
93.3%
St. Louis Cardinals
Albert Pujols
91.3%
Washington Nationals
Ivan Rodriguez
91.3%
New York Yankees
Alex Rodriguez
91.3%
Chicago Cubs
Aramis Ramirez
90.8%
Florida Marlins
Hanley Ramirez
90.8%
Milwaukee Brewers
Prince Fielder
90.8%
Chicago White Sox
Alexei Ramirez
90.8%
Philadelphia Phillies
Ryan Howard
90.3%
Tampa Bay Rays
Manny Ramirez
90.3%
Los Angeles Dodgers
Matt Kemp
88.7%
Milwaukee Brewers
Ryan Braun
88.7%
Arizona Diamondbacks
Kelly Johnson
88.2%
Cincinnati Reds
Brandon Phillips
88.2%
Cincinnati Reds
Ramon Hernandez
88.2%
Philadelphia Phillies
Jimmy Rollins
88.2%
Washington Nationals
Livan Hernandez
88.2%
Florida Marlins
Josh Johnson
87.7%
Houston Astros
Chris Johnson
87.7%
New York Mets
Jose Reyes
87.7%
Seattle Mariners
Felix Hernandez
87.7%
Houston Astros
Carlos Lee
87.2%
New York Mets
David Wright
87.2%
Baltimore Orioles
Derrek Lee
87.2%
Cleveland Indians
Asdrubal Cabrera
87.2%
Cleveland Indians
Orlando Cabrera
87.2%
Detroit Tigers
Miguel Cabrera
87.2%
Kansas City Royals
Melky Cabrera
87.2%
Tampa Bay Rays
Dan Johnson
87.2%
Arizona Diamondbacks
Justin Upton
86.7%
Colorado Rockies
Troy Tulowitzki
86.7%
San Francisco Giants
Brandon Belt
86.7%
New York Yankees
Derek Jeter
86.7%
Philadelphia Phillies
Roy Halladay
86.2%
Tampa Bay Rays
B.J. Upton
86.2%
Arizona Diamondbacks
Chris Young
85.6%
Boston Red Sox
David Ortiz
85.6%
Minnesota Twins
Delmon Young
85.6%
Texas Rangers
Michael Young
85.6%
Boston Red Sox
Dustin Pedroia
84.6%
New York Yankees
Russell Martin
84.1%
Colorado Rockies
Todd Helton
83.6%
St. Louis Cardinals
Yadier Molina
83.6%
Milwaukee Brewers
Rickie Weeks
83.1%
Philadelphia Phillies
Shane Victorino
82.1%
St. Louis Cardinals
Matt Holliday
82.1%
Boston Red Sox
Jacoby Ellsbury
82.1%
New York Yankees
CC Sabathia
82.1%
St. Louis Cardinals
Chris Carpenter
81.5%
Minnesota Twins
Joe Mauer
81.5%
New York Yankees
Robinson Cano
81.5%
Atlanta Braves
Brian McCann
81%
Baltimore Orioles
Brian Roberts
81%
Washington Nationals
Ryan Zimmerman
80.5%
Texas Rangers
Josh Hamilton
80.5%
Cincinnati Reds
Scott Rolen
80%
New York Mets
Carlos Beltran
80%
New York Mets
Ike Davis
80%
Seattle Mariners
Ichiro Suzuki
80%
Atlanta Braves
Jason Heyward
79.5%
Colorado Rockies
Ubaldo Jimenez
79.5%
Los Angeles Dodgers
Andre Ethier
79.5%
San Francisco Giants
Buster Posey
79.5%
San Francisco Giants
Tim Lincecum
79.5%
Chicago White Sox
Paul Konerko
79.5%
Toronto Blue Jays
Rajai Davis
79.5%
Chicago Cubs
Starlin Castro
79%
Washington Nationals
Jayson Werth
79%
New York Yankees
Mark Teixeira
79%
Cincinnati Reds
Jay Bruce
78.5%
Chicago Cubs
Alfonso Soriano
77.9%
Atlanta Braves
Dan Uggla
77.4%
Chicago Cubs
Carlos Pena
77.4%
Boston Red Sox
Carl Crawford
77.4%
Boston Red Sox
Jon Lester
76.9%
Chicago Cubs
Geovany Soto
76.4%
Los Angeles Dodgers
Rafael Furcal
76.4%
Chicago White Sox
Adam Dunn
76.4%
New York Yankees
Curtis Granderson
76.4%
Florida Marlins
Gaby Sanchez
75.9%
Houston Astros
Angel Sanchez
75.9%
San Francisco Giants
Freddy Sanchez
75.9%
Boston Red Sox
Kevin Youkilis
75.9%
Philadelphia Phillies
Raul Ibanez
75.4%
Minnesota Twins
Justin Morneau
75.4%
Tampa Bay Rays
Evan Longoria
75.4%
Toronto Blue Jays
Jose Bautista
75.4%
New York Yankees
Brett Gardner
74.9%
Philadelphia Phillies
Placido Polanco
74.4%
Team
Player
% Correct
New York Yankees
Nick Swisher
73.8%
Houston Astros
Michael Bourn
73.3%
Houston Astros
Hunter Pence
73.3%
Los Angeles Dodgers
Clayton Kershaw
73.3%
Philadelphia Phillies
Carlos Ruiz
73.3%
San Francisco Giants
Pablo Sandoval
73.3%
Baltimore Orioles
Mark Reynolds
73.3%
Detroit Tigers
Justin Verlander
73.3%
Texas Rangers
Adrian Beltre
73.3%
Baltimore Orioles
Vladimir Guerrero
72.8%
Baltimore Orioles
Nick Markakis
72.3%
Detroit Tigers
Austin Jackson
72.3%
St. Louis Cardinals
Lance Berkman
71.8%
Detroit Tigers
Victor Martinez
71.8%
Texas Rangers
Ian Kinsler
71.8%
Chicago Cubs
Ryan Dempster
70.8%
San Diego Padres
Orlando Hudson
70.8%
Atlanta Braves
Freddie Freeman
70.3%
Atlanta Braves
Derek Lowe
70.3%
Los Angeles Dodgers
James Loney
70.3%
Tampa Bay Rays
David Price
70.3%
Cleveland Indians
Travis Hafner
69.7%
Seattle Mariners
Jack Wilson
69.7%
Texas Rangers
C.J. Wilson
69.7%
Chicago White Sox
Mark Buehrle
69.2%
Cleveland Indians
Carlos Santana
68.7%
Toronto Blue Jays
Aaron Hill
68.7%
Los Angeles Angels of Anaheim
Vernon Wells
68.2%
New York Yankees
Jorge Posada
68.2%
Texas Rangers
Nelson Cruz
67.7%
Milwaukee Brewers
Yovani Gallardo
67.2%
Houston Astros
Bill Hall
66.7%
Los Angeles Angels of Anaheim
Torii Hunter
66.7%
Chicago Cubs
Kosuke Fukudome
66.2%
Chicago Cubs
Marlon Byrd
65.6%
Florida Marlins
Mike Stanton
65.1%
Chicago White Sox
Juan Pierre
65.1%
Los Angeles Angels of Anaheim
Jered Weaver
65.1%
Minnesota Twins
Michael Cuddyer
64.6%
Texas Rangers
Elvis Andrus
64.6%
Oakland Athletics
Kurt Suzuki
64.1%
Arizona Diamondbacks
Miguel Montero
63.6%
Cincinnati Reds
Drew Stubbs
63.6%
Colorado Rockies
Seth Smith
63.6%
Cincinnati Reds
Edinson Volquez
63.1%
Kansas City Royals
Billy Butler
63.1%
Boston Red Sox
Marco Scutaro
62.6%
Toronto Blue Jays
Adam Lind
62.6%
Atlanta Braves
Martin Prado
62.1%
Boston Red Sox
Jarrod Saltalamacchia
62.1%
Cleveland Indians
Shin-Soo Choo
62.1%
Detroit Tigers
Magglio Ordonez
62.1%
Los Angeles Angels of Anaheim
Bobby Abreu
62.1%
Colorado Rockies
Dexter Fowler
61%
San Francisco Giants
Andres Torres
61%
San Francisco Giants
Aubrey Huff
61%
Arizona Diamondbacks
Ian Kennedy
60.5%
Pittsburgh Pirates
Andrew McCutchen
60.5%
San Francisco Giants
Miguel Tejada
60.5%
St. Louis Cardinals
David Freese
60%
Arizona Diamondbacks
Melvin Mora
59%
Washington Nationals
Adam LaRoche
59%
Baltimore Orioles
Matt Wieters
59%
Kansas City Royals
Alcides Escobar
59%
Toronto Blue Jays
Yunel Escobar
59%
New York Mets
Angel Pagan
58.5%
Pittsburgh Pirates
Neil Walker
58.5%
Tampa Bay Rays
Ben Zobrist
58.5%
Tampa Bay Rays
Johnny Damon
58.5%
Chicago White Sox
Carlos Quentin
57.9%
Washington Nationals
Ian Desmond
57.4%
Atlanta Braves
Nate McLouth
56.9%
Chicago Cubs
Darwin Barney
56.9%
Milwaukee Brewers
Carlos Gomez
56.9%
St. Louis Cardinals
Ryan Theriot
56.9%
Baltimore Orioles
J.J. Hardy
56.9%
Detroit Tigers
Brandon Inge
56.9%
Kansas City Royals
Alex Gordon
56.9%
Chicago White Sox
A.J. Pierzynski
55.9%
Oakland Athletics
Coco Crisp
55.9%
Milwaukee Brewers
Casey McGehee
55.4%
Minnesota Twins
Denard Span
55.4%
Chicago White Sox
Gordon Beckham
54.9%
Oakland Athletics
Hideki Matsui
54.9%
Seattle Mariners
Chone Figgins
54.9%
New York Mets
Mike Pelfrey
54.4%
Los Angeles Angels of Anaheim
Howie Kendrick
53.3%
Texas Rangers
Mike Napoli
53.3%
Houston Astros
Brett Myers
52.8%
Cleveland Indians
Fausto Carmona
52.8%
St. Louis Cardinals
Colby Rasmus
52.3%
San Francisco Giants
Pat Burrell
52.3%
Chicago White Sox
Alexis Rios
52.3%
Toronto Blue Jays
Edwin Encarnacion
52.3%
Florida Marlins
John Buck
51.8%
Team
Player
% Correct
Minnesota Twins
Jason Kubel
51.8%
Pittsburgh Pirates
Lyle Overbay
50.8%
Boston Red Sox
Mike Cameron
50.8%
Cincinnati Reds
Jonny Gomes
50.3%
Colorado Rockies
Chris Iannetta
49.7%
Florida Marlins
Logan Morrison
49.7%
Pittsburgh Pirates
Ryan Doumit
49.7%
Los Angeles Angels of Anaheim
Erick Aybar
49.7%
Toronto Blue Jays
Ricky Romero
49.7%
Colorado Rockies
Jose Lopez
49.2%
Florida Marlins
Omar Infante
48.7%
Baltimore Orioles
Luke Scott
48.7%
Los Angeles Dodgers
Juan Uribe
48.2%
Pittsburgh Pirates
Pedro Alvarez
48.2%
San Diego Padres
Jason Bartlett
48.2%
Oakland Athletics
Mark Ellis
48.2%
Philadelphia Phillies
Ben Francisco
47.2%
Milwaukee Brewers
Yuniesky Betancourt
46.2%
Detroit Tigers
Alex Avila
46.2%
Los Angeles Angels of Anaheim
Maicer Izturis
46.2%
St. Louis Cardinals
Skip Schumaker
45.6%
Chicago White Sox
Brent Morel
45.6%
Oakland Athletics
Trevor Cahill
45.6%
San Diego Padres
Chase Headley
45.1%
Minnesota Twins
Carl Pavano
45.1%
San Diego Padres
Brad Hawpe
44.6%
Florida Marlins
Donnie Murphy
44.1%
Kansas City Royals
Jeff Francoeur
44.1%
Oakland Athletics
Josh Willingham
44.1%
Houston Astros
Brett Wallace
43.6%
Baltimore Orioles
Jeremy Guthrie
43.6%
Cincinnati Reds
Paul Janish
43.1%
San Diego Padres
Cameron Maybin
42.6%
San Diego Padres
Ryan Ludwick
41.5%
Washington Nationals
Danny Espinosa
41.5%
Los Angeles Angels of Anaheim
Mark Trumbo
41.5%
Oakland Athletics
Daric Barton
41.5%
Toronto Blue Jays
J. P. Arencibia
41.5%
Los Angeles Dodgers
Rod Barajas
41%
Cleveland Indians
Michael Brantley
41%
Seattle Mariners
Justin Smoak
41%
Colorado Rockies
Ty Wigginton
40.5%
Florida Marlins
Chris Coghlan
40.5%
Philadelphia Phillies
Wilson Valdez
40.5%
Pittsburgh Pirates
Jose Tabata
40%
Detroit Tigers
Jhonny Peralta
39.5%
New York Mets
Josh Thole
39%
Washington Nationals
Mike Morse
39%
Los Angeles Dodgers
Tony Gwynn
37.9%
Seattle Mariners
Milton Bradley
37.9%
Seattle Mariners
Jack Cust
37.9%
Los Angeles Angels of Anaheim
Jeff Mathis
37.4%
Tampa Bay Rays
John Jaso
37.4%
Oakland Athletics
David DeJesus
36.9%
Seattle Mariners
Brendan Ryan
36.9%
Cleveland Indians
Matt LaPorta
36.4%
San Diego Padres
Nick Hundley
35.9%
Oakland Athletics
Kevin Kouzmanoff
35.9%
Oakland Athletics
Cliff Pennington
35.9%
Texas Rangers
Yorvit Torrealba
35.4%
Texas Rangers
Julio Borbon
35.4%
New York Mets
Willie Harris
34.9%
Los Angeles Angels of Anaheim
Peter Bourjos
34.9%
Minnesota Twins
Danny Valencia
33.8%
Tampa Bay Rays
Matthew Joyce
33.3%
Arizona Diamondbacks
Gerardo Parra
32.8%
Pittsburgh Pirates
Ronny Cedeno
32.8%
Kansas City Royals
Mike Aviles
32.3%
Detroit Tigers
Ryan Raburn
31.8%
Toronto Blue Jays
Travis Snider
31.8%
Washington Nationals
Rick Ankiel
31.3%
San Diego Padres
Will Venable
30.8%
Pittsburgh Pirates
Kevin Correia
30.3%
Minnesota Twins
Alexi Casilla
30.3%
Cleveland Indians
Austin Kearns
29.7%
Minnesota Twins
Tsuyoshi Nishioka
29.7%
Seattle Mariners
Miguel Olivo
29.7%
Tampa Bay Rays
Reid Brignac
29.7%
Kansas City Royals
Luke Hochevar
29.2%
Arizona Diamondbacks
Willie Bloomquist
28.2%
Los Angeles Dodgers
Jamey Carroll
28.2%
Kansas City Royals
Chris Getz
28.2%
Arizona Diamondbacks
Juan Miranda
27.7%
San Diego Padres
Tim Stauffer
27.2%
Houston Astros
Humberto Quintero
26.7%
Cleveland Indians
Jack Hannahan
26.7%
Toronto Blue Jays
Juan Rivera
26.2%
Detroit Tigers
Will Rhymes
24.6%
Milwaukee Brewers
Mark Kotsay
22.6%
New York Mets
Brad Emaus
22.1%
Kansas City Royals
Matt Treanor
22.1%
Kansas City Royals
Kila Ka'aihue
18.5%
Milwaukee Brewers
Wil Nieves
17.9%
Seattle Mariners
Ryan Langerhans
10.3%
Quiz Playlist
Details
Report
Send in Message
Add To Playlist
Classic:
Type in answers that appear in a list
Quiz Source
Last Updated: Feb 16, 2017
Quiz Scoreboard
CHALLENGE
Sign Up to Join the Scoreboard
Show All
Scores
Hide
Comments
May contain spoilers
Recently Published
Movies - When Are They Set?
by FPL_Elf
Movies
5m
Popular People in 1961
by mucciniale
History
6m
1-10 Letter E Words III
by El_Dandy
Language
2m
More to Explore
Quiz From the Vault
Featured Blog Post
Where Did the Easter Bunny Come From?
hide this ad
You Might Also Like...
Tags
Football Quiz
2011
Player
Roster
team
Today's Top Quizzes in Sports
Browse Sports
hide this ad
Today's Top Quizzes in Football
Browse Football
Top Contributed Quizzes in Sports
1
Les meilleurs buteurs des matchs entre le PSG et l’OM
2
FIFA Club World Cup Champions
3
Les entraîneurs de l'OM et du PSG au 21e siècle
4
2022 World Cup Stars
5
Name the Premier League winners with different clubs
6
La finale Lions - Afrique du Sud 2021
7
Criteria MLB: Left Handed Sluggers
8
Les joueurs passés par le LOSC et le RC Lens
9
Players with Multiple 50 Home Run Seasons
10
MLB Players with Two .350 Batting Average Seasons
Explore More
Trending Topics
Marvel
Anime
Harry Potter
Kpop
NBA
Disney
Crossword
NFL
Song
Puzzle
Country
WWE
Soccer
Pokémon
The Office
hide this ad
More By:
johnlk
Quiz
Plays
Rating
Category
Featured
Created
Countries in Shakespeare
118,260
4.64
Literature
Nov 11, 2010
Largest American Indian Tribes in the US
111,764
4.63
Geography
Jun 8, 2010
World's Largest Cities (1911)
85,429
4.78
History
Jun 24, 2013
200 Most Populous US Cities (1900)
48,535
4.41
History
Jan 21, 2011
100 Greatest Classical Composers (Digital Dream Door)
30,681
4.70
Music
Nov 4, 2011
Go to Creator's Profile
Score Distribution
Quiz Creator Spotlight
johnlk
Follow
Send a Message
Quizzes Created
-
Created Quiz Play Count
-
More By This Creator
Popular Quizzes Today
1
Find the Countries of Europe - No Outlines Minefield
2
Find the US States - No Outlines Minefield
3
The Countries of the World
4
Popular People in 1961
5
US States
6
1-10 Letter E Words III
7
Find the US States
8
One Thing in Common: World Cities II
More Sports Quizzes
MLB Teams by Garden Gnome
Curator's Pick
Trending Quizzes
Risky Map Clicking: Least Populous States A-Z
1-10 Letter F Words
Humor Books: The Subtitles
1-10 Letter G Words
One Thing in Common: United Kingdom
Recently Updated
Leaping Animals
pecheneg
Reality TV Shows (A-Z)
bhenderson79
Rickey Henderson's Hall of Fame Teammates
pecheneg
Champions League XIs: Arsenal
pecheneg
Quick Pick: Celebrities in WWE's Hall of Fame
aduchscher
A-Z Keypad Blitz II
pecheneg
Multiple Oscar Actors
pecheneg
Mystery Phrase Blitz: Oscar 'Best Actors'
pecheneg
F. Scott Fitzgerald Novels
LTH
Pick 3 Villains
ddd62291
Trending Topics
Anime
NBA
Crossword
Marvel
Harry Potter
Kpop
Disney
Country
Pokémon
Soccer
The Office
Puzzle
NFL
Song
WWE
Your Account Isn't Verified!
In order to create a playlist on Sporcle, you need to verify the email address you used during registration. Go to your
Sporcle Settings
to finish the process.
Report this User
Report this user for behavior that violates our
Community Guidelines
.
Details:
Send Report
Go to the Sporcle.com Mobile Site →
Comments